Continuous system engineering. Entdeckung der Standardsoftware als Organisator /

Saved in:
Bibliographic Details
Main Author: Thome, Rainer
Other Authors: Hufgard, Andreas
Format: Book
Language:German
Published: Würzburg : Vogel, 1996
Edition:1. Aufl.
Subjects:
ISBN:3802315952
Online Access: Get full text
Tags: Add Tag
No Tags, Be the first to tag this record!

MARC

LEADER 00000nam a2200000 4500
003 SK-BrCVT
005 20220617191002.0
008 971103s1996 gw e ||||||ger d
020 |a 3802315952 
035 |a CVTIDW0942220 
040 |b slo  |a CVTI SR 
041 0 |a ger 
044 |a gw 
080 |a 658:519.8  |2 UDC-MRF 
100 1 |a Thome, Rainer 
242 1 0 |a Continuous system engineering. Objavenie štandartného softwaru ako organizátora 
245 1 0 |a Continuous system engineering. Entdeckung der Standardsoftware als Organisator /  |c Rainer Thome, Andreas Hufgard 
250 |a 1. Aufl. 
260 |a Würzburg :  |b Vogel,  |c 1996 
300 |a 170 s. :  |b obr., tab. ; 
500 |a Business computing 
653 1 |a integrácia organizácie informácií  |a modelovanie prevádzkových procesov 
692 |a GM LV PR JM MM 
700 1 |a Hufgard, Andreas 
910 |b A558998 
919 |a 3-8023-1595-2 
974 |f Knihy 
992 |a AMG 
999 |c 91258  |d 91258